Environmental key performances indicators (Record no. 105268)

MARC details
000 -LEADER
fixed length control field 00975cam a2200193 4500
001 - CONTROL NUMBER
control field ##L132874
008 - FIXED-LENGTH DATA ELEMENTS--GENERAL INFORMATION
fixed length control field 060316n2006 000 0 eng u
035 ## - SYSTEM CONTROL NUMBER
System control number (Sirsi) u132874
041 0# - LANGUAGE CODE
Language code of text/sound track or separate title eng
050 04 - LIBRARY OF CONGRESS CALL NUMBER
Classification number 333.72 $2 18
110 1# - MAIN ENTRY--CORPORATE NAME
Corporate name or jurisdiction name as entry element United Kingdom
Subordinate unit Department for Environment, Food and Rural Affairs
245 ## - TITLE STATEMENT
Title Environmental key performances indicators
Remainder of title reporting guidelines for UK business
260 ## - PUBLICATION, DISTRIBUTION, ETC.
Place of publication, distribution, etc. London
Name of publisher, distributor, etc. DEFRA
Date of publication, distribution, etc. 2006
520 ## - SUMMARY, ETC.
Summary, etc. Presents guidelines that will make the process of company reporting of environmerntal performance easier by setting out 22 direct Key Performance Indicators together with information on how environmental impacts arising from the supply chain and from the use of products can be taken into account.
590 ## - LOCAL NOTE (RLIN)
Local note IKA280306
690 ## - LOCAL SUBJECT ADDED ENTRY--TOPICAL TERM (OCLC, RLIN)
Topical term or geographic name as entry element MANAGEMENT-BUSINESS MANAGEMENT
856 40 - ELECTRONIC LOCATION AND ACCESS
Uniform Resource Identifier <a href="https://www.defra.gov.uk/environment/business/envrp/guidelines.htm">https://www.defra.gov.uk/environment/business/envrp/guidelines.htm</a>
Public note View the guidelines free of charge at www.defra.gov.uk...
942 ## - ADDED ENTRY ELEMENTS (KOHA)
Suppress in OPAC 0
Holdings
Withdrawn status Lost status Source of classification or shelving scheme Damaged status Not for loan Home library Current library Shelving location Date acquired Total Checkouts Full call number Barcode Date last seen Copy number Price effective from Koha item type
    Dewey Decimal Classification     Virtual Virtual Online 16/03/2006   ONLINE PUBLICATION 132874-2001 06/08/2019 1 06/08/2019 Book